书目信息 |
| 题名: |
商号法律制度研究
|
|
| 作者: | 梁上上 , 李国毫 著 | |
| 分册: | ||
| 出版信息: | 北京 法律出版社 2014 |
|
| 页数: | 361页 | |
| 开本: | 21cm | |
| 丛书名: | 商事法专题研究文库 | |
| 单 册: | ||
| 中图分类: | D923.434 | |
| 科图分类: | ||
| 主题词: | 商标法--Shang Biao Fa--研究--中国 | |
| 电子资源: | ||
| ISBN: | 978-7-5118-7097-1 | |
| 000 | 01039nam0 22002771 450 | |
| 001 | 0101082456 | |
| 005 | 20161201102607.93 | |
| 010 | @a978-7-5118-7097-1@dCNY38.00 | |
| 100 | @a20150306d2014 em y0chiy50 ea | |
| 101 | 0 | @achi |
| 102 | @aCN@b110000 | |
| 105 | @ay z 000yy | |
| 106 | @ar | |
| 200 | 1 | @a商号法律制度研究@AShang Hao Fa Lv Zhi Du Yan Jiu@f梁上上,李国毫著 |
| 210 | @a北京@c法律出版社@d2014 | |
| 215 | @a361页@d21cm | |
| 225 | 2 | @a商事法专题研究文库@AShang Shi Fa Zhuan Ti Yan Jiu Wen Ku |
| 300 | @a国家法治与法学理论研究项目立项课题 | |
| 330 | @a本书是一部研究商人名称的商法学专著,内容主要涉及商号的历史变迁、现代商号的概念与商号权、驰名商号与老字号的特别规制、商号纠纷的产生与解决以及商号法律制度的重构与完善等。 | |
| 461 | 0 | @12001 @a商事法专题研究文库 |
| 606 | 0 | @a商标法@AShang Biao Fa@x研究@y中国 |
| 690 | @aD923.434@v5 | |
| 701 | 0 | @a梁上上@ALiang Shang Shang@f(1971.1~)@4著 |
| 701 | 0 | @a李国毫@ALi Guo Hao@f(1984~)@4著 |
| 801 | 0 | @aCN@bTANGWEI@c20161128 |
| 905 | @b0951747-51@dD923.434@e1511@f5 | |
| 商号法律制度研究/梁上上,李国毫著.-北京:法律出版社,2014 |
| 361页;21cm.-(商事法专题研究文库) |
| 国家法治与法学理论研究项目立项课题 |
| ISBN 978-7-5118-7097-1:CNY38.00 |
| 本书是一部研究商人名称的商法学专著,内容主要涉及商号的历史变迁、现代商号的概念与商号权、驰名商号与老字号的特别规制、商号纠纷的产生与解决以及商号法律制度的重构与完善等。 |
| ● |
| 相关链接 |
|
|
|
|
正题名:商号法律制度研究
索取号:D923.434/1511
 
预约/预借
| 序号 | 登录号 | 条形码 | 馆藏地/架位号 | 状态 | 备注 |
| 1 | 0951747 | 209517478 | 第一样本阅览室/ [索取号:D923.434/1511] | 在馆 | |
| 2 | 0951748 | 209517487 | 密集书库-史法系/ [索取号:D923.434/1511] | 在馆 | |
| 3 | 0951749 | 209517496 | 第一借阅区/ [索取号:D923.434/1511] | 在馆 | |
| 4 | 0951750 | 209517502 | 第一借阅区/ [索取号:D923.434/1511] | 在馆 | |
| 5 | 0951751 | 209517511 | 第一借阅区/ [索取号:D923.434/1511] | 在馆 |